|
|
|
|
| LEADER |
01582nam a2200385 a 4500 |
| 001 |
33695 |
| 003 |
BD-DhAAL |
| 005 |
20211116161024.0 |
| 008 |
180814t1996 iluab b 001 0 eng d |
| 999 |
|
|
|c 39486
|d 39486
|
| 010 |
|
|
|a 95043267
|
| 020 |
|
|
|a 9780226816272
|
| 020 |
|
|
|a 0226816265 (cloth : alk. paper)
|
| 020 |
|
|
|a 0226816273 (paper : alk. paper)
|
| 040 |
|
|
|a DLC
|c DLC
|d DLC
|d BD-DhAAL
|
| 050 |
0 |
0 |
|a LB2369
|b .T8 1996
|
| 082 |
0 |
0 |
|a 808.02
|2 20
|
| 100 |
1 |
|
|a Turabian, Kate L.
|9 27942
|
| 245 |
1 |
2 |
|a A manual for writers of term papers, theses, and dissertations /
|c Kate L. Turabian.
|
| 246 |
|
|
|a A manual for writers
|
| 250 |
|
|
|a Sixth edition / revised by John Grossman and Alice Bennett.
|
| 260 |
|
|
|a Chicago :
|b University of Chicago Press,
|c c1996.
|
| 300 |
|
|
|a ix, 308 pages :
|b illustrations, 1 map ;
|c 23 cm.
|
| 440 |
|
0 |
|a Chicago guides to writing, editing, and publishing
|9 27943
|
| 504 |
|
|
|a Includes bibliographical references (pages 283-286) and index.
|
| 526 |
|
|
|a ARC
|
| 541 |
|
|
|a Karim International
|e 33695
|
| 650 |
|
0 |
|a Dissertations, Academic
|x Handbooks, manuals, etc.
|9 27944
|
| 650 |
|
0 |
|a Academic writing
|x Handbooks, manuals, etc.
|9 27945
|
| 650 |
|
0 |
|a Architecture
|9 42745
|
| 700 |
1 |
|
|a Grossman, John,
|d 1924-
|9 27946
|
| 700 |
1 |
|
|a Bennett, Alice,
|d 1938-
|9 27947
|
| 852 |
|
|
|a Ayesha Abed Library
|c General Stacks
|
| 942 |
|
|
|2 ddc
|c BK
|
| 952 |
|
|
|0 0
|1 0
|2 ddc
|4 0
|6 808_020000000000000_TUR
|7 0
|9 64249
|a BRACUL
|b BRACUL
|c GEN
|d 2018-08-09
|e Karim International
|g 1080.00
|l 3
|m 60
|o 808.02 TUR
|p 3010033695
|r 2024-09-01
|s 2024-02-25
|t 1
|v 1080.00
|w 2018-08-09
|y BK
|